Reestructuración productiva, mercado de trabajo y sindicatos en América Latina /

Guardat en:
Dades bibliogràfiques
Autor principal: Garza Toledo, Enrique de la
Format: Text
Publicat: Buenos Aires: CLACSO. ASDI
Etiquetes: Afegir etiqueta
Sense etiquetes, Sigues el primer a etiquetar aquest registre!

MARC

LEADER 00000 a a2200000 04500
001 12219
003
040
090 |a 142300  
100 |a Garza Toledo, Enrique de la  
245 |a Reestructuración productiva, mercado de trabajo y sindicatos en América Latina /  |c Enrique de la Garza Toledo 
260 |a Buenos Aires:   |b CLACSO. ASDI  
300 |a 198 p.  
300 |b **no definido**   |b fonodiscos  
500 |a Disponible en Cd, en No. 194104  
999 |c 12205  |d 12205